<?xml version="1.0" encoding="UTF-8"?>
<record
    xmlns:xsi="http://www.w3.org/2001/XMLSchema-instance"
    xsi:schemaLocation="http://www.loc.gov/MARC21/slim http://www.loc.gov/standards/marcxml/schema/MARC21slim.xsd"
    xmlns="http://www.loc.gov/MARC21/slim">

  <leader>00897nam a2200241 i 4500</leader>
  <controlfield tag="001">175268</controlfield>
  <controlfield tag="003">ES-MaACL</controlfield>
  <controlfield tag="005">20250806062544.0</controlfield>
  <controlfield tag="007">t|</controlfield>
  <controlfield tag="008">101019s1971    sp f         ||||1| spa d</controlfield>
  <datafield tag="080" ind1=" " ind2=" ">
    <subfield code="a">726.1(460.27 M.)</subfield>
  </datafield>
  <datafield tag="100" ind1="1" ind2=" ">
    <subfield code="a">Almagro Basch, Mart&#xED;n.</subfield>
    <subfield code="9">20073</subfield>
  </datafield>
  <datafield tag="245" ind1="1" ind2="3">
    <subfield code="a">El Templo de Debod / </subfield>
    <subfield code="c">por Mart&#xED;n Almagro.</subfield>
  </datafield>
  <datafield tag="260" ind1=" " ind2=" ">
    <subfield code="a">Madrid : </subfield>
    <subfield code="b">Ayuntamiento, Delegaci&#xF3;n de Educaci&#xF3;n : </subfield>
    <subfield code="b">Instituto de Estudios Madrile&#xF1;os, </subfield>
    <subfield code="c">1971.</subfield>
  </datafield>
  <datafield tag="300" ind1=" " ind2=" ">
    <subfield code="a">29 p. , [11] h. de l&#xE1;m. ; </subfield>
    <subfield code="c">22 cm.</subfield>
  </datafield>
  <datafield tag="490" ind1="1" ind2=" ">
    <subfield code="a">Ciclo de conferencias sobre monumentos madrile&#xF1;os ; </subfield>
    <subfield code="v">15</subfield>
  </datafield>
  <datafield tag="610" ind1="0" ind2="4">
    <subfield code="a">Templo de Debod (Madrid)</subfield>
    <subfield code="9">6936</subfield>
  </datafield>
  <datafield tag="651" ind1=" " ind2=" ">
    <subfield code="a">Madrid-</subfield>
    <subfield code="x">Edificios, estructuras, etc.</subfield>
    <subfield code="9">8959</subfield>
  </datafield>
  <datafield tag="710" ind1="2" ind2=" ">
    <subfield code="a">Instituto de Estudios Madrile&#xF1;os</subfield>
    <subfield code="9">4916</subfield>
  </datafield>
  <datafield tag="830" ind1="1" ind2=" ">
    <subfield code="a">Ciclo de conferencias sobre monumentos madrile&#xF1;os ; </subfield>
    <subfield code="v">15</subfield>
    <subfield code="9">189598</subfield>
  </datafield>
  <datafield tag="852" ind1=" " ind2=" ">
    <subfield code="a">ES-MaACL</subfield>
    <subfield code="j">2258-F-15   </subfield>
    <subfield code="x">Olim P-53</subfield>
  </datafield>
  <datafield tag="999" ind1=" " ind2=" ">
    <subfield code="c">175268</subfield>
    <subfield code="d">175268</subfield>
  </datafield>
  <datafield tag="952" ind1=" " ind2=" ">
    <subfield code="0">0</subfield>
    <subfield code="1">0</subfield>
    <subfield code="4">0</subfield>
    <subfield code="7">0</subfield>
    <subfield code="8">Colecci&#xF3;n_de_folletos</subfield>
    <subfield code="a">ATENEOM</subfield>
    <subfield code="b">ATENEOM</subfield>
    <subfield code="c">DEPOF</subfield>
    <subfield code="d">2010-10-19</subfield>
    <subfield code="e">SC</subfield>
    <subfield code="l">0</subfield>
    <subfield code="o">2258-F-15</subfield>
    <subfield code="p">1184037</subfield>
    <subfield code="r">2023-02-23 00:00:00</subfield>
    <subfield code="w">2023-02-23</subfield>
    <subfield code="y">FOLLETOS</subfield>
  </datafield>
</record>
